Khristian Innkuan Tungding diing in Innkuan ah kiik nawn ni: (Record no. 3795)

MARC details
000 -LEADER
fixed length control field 00568nam a22001817a 4500
003 - CONTROL NUMBER IDENTIFIER
control field GBCCL
005 - DATE AND TIME OF LATEST TRANSACTION
control field 20241126110504.0
008 - FIXED-LENGTH DATA ELEMENTS--GENERAL INFORMATION
fixed length control field 171213b xxu||||| |||| 00| 0 eng d
040 ## - CATALOGING SOURCE
Transcribing agency gbc
082 ## - DEWEY DECIMAL CLASSIFICATION NUMBER
Classification number VER 248.845
Item number TON
100 ## - MAIN ENTRY--PERSONAL NAME
Personal name Tonsing, Ginliansang
9 (RLIN) 7479
245 ## - TITLE STATEMENT
Title Khristian Innkuan Tungding diing in Innkuan ah kiik nawn ni:
Remainder of title Nupa Hinkhua leh Tate Etkolna /
Statement of responsibility, etc. Ginliansang Tonsing
260 ## - PUBLICATION, DISTRIBUTION, ETC.
Place of publication, distribution, etc. Secunderabad:
Name of publisher, distributor, etc. Author,
Date of publication, distribution, etc. 2013
300 ## - PHYSICAL DESCRIPTION
Extent 205 p.;
Dimensions 23 cm.
650 ## - SUBJECT ADDED ENTRY--TOPICAL TERM
Topical term or geographic name entry element Christian family
9 (RLIN) 2150
650 ## - SUBJECT ADDED ENTRY--TOPICAL TERM
Topical term or geographic name entry element Parents
Form subdivision Child rearing
9 (RLIN) 7480
942 ## - ADDED ENTRY ELEMENTS (KOHA)
Source of classification or shelving scheme Dewey Decimal Classification
Koha item type Books
Koha issues (borrowed), all copies 4
Holdings
Withdrawn status Lost status Source of classification or shelving scheme Damaged status Not for loan Collection Home library Current Library Shelving location Date acquired Total checkouts Full call number Barcode Date last seen Date last checked out Copy number Price effective from Koha item type Total renewals
    Dewey Decimal Classification       GRACE BIBLE COLLEGE GRACE BIBLE COLLEGE Vernacular 2017-12-13 2 VER 248.845 TON 010759 2025-05-01 2018-05-14 c.1 2017-12-13 Books  
    Dewey Decimal Classification       GRACE BIBLE COLLEGE GRACE BIBLE COLLEGE Vernacular 2017-12-13   VER 248.845 TON 010760 2025-05-01   c.2 2017-12-13 Books  
    Dewey Decimal Classification       GRACE BIBLE COLLEGE GRACE BIBLE COLLEGE Vernacular 2017-12-13   VER 248.845 TON 010762 2025-05-01   c.4 2017-12-13 Books  
    Dewey Decimal Classification       GRACE BIBLE COLLEGE GRACE BIBLE COLLEGE Vernacular 2017-12-13   VER 248.845 TON 010763 2025-05-01   c.5 2017-12-13 Books  
    Dewey Decimal Classification       GRACE BIBLE COLLEGE GRACE BIBLE COLLEGE Vernacular 2017-12-13 1 VER 248.845 TON 010761 2025-05-01 2023-11-21 c.3 2017-12-13 Books  
    Dewey Decimal Classification       GRACE BIBLE COLLEGE GRACE BIBLE COLLEGE Vernacular 2018-07-23   VER 248.845 TON 013466 2025-05-01   c.6 2018-07-23 Books  
    Dewey Decimal Classification       GRACE BIBLE COLLEGE GRACE BIBLE COLLEGE Vernacular 2018-07-23   VER 248.845 TON 013467 2025-05-01   c.7 2018-07-23 Books  
    Dewey Decimal Classification       GRACE BIBLE COLLEGE GRACE BIBLE COLLEGE Vernacular 2018-07-23   VER 248.845 TON 013476 2025-05-01   c.8 2018-07-23 Books  
    Dewey Decimal Classification       GRACE BIBLE COLLEGE GRACE BIBLE COLLEGE Vernacular 2018-07-23   VER 248.845 TON 013477 2025-05-01   c.9 2018-07-23 Books  
    Dewey Decimal Classification       GRACE BIBLE COLLEGE GRACE BIBLE COLLEGE Vernacular 2018-07-23 1 VER 248.845 TON 013478 2025-05-01 2020-01-21 c.10 2018-07-23 Books 2
© Grace Bible College Library 2025